Manual de historia paraguaya
Saved in:
| Hovedforfatter: | |
|---|---|
| Format: | Bog |
| Sprog: | spansk |
| Udgivet: |
Asunción
El Arte
1963
|
| Fag: | |
| Tags: |
Tilføj Tag
Ingen Tags, Vær først til at tagge denne postø!
|
MARC
| LEADER | 00000nam a2200000 a 4500 | ||
|---|---|---|---|
| 001 | UCO3813 | ||
| 003 | CL-VaPUC | ||
| 008 | 000720e19630000PY |||||||||||||||||spa|d | ||
| 082 | 0 | 4 | |a 989.2 |b BEN |2 21 |
| 100 | 0 | |a Benítez, Luis G |e author |9 447766 | |
| 245 | 1 | 0 | |a Manual de historia paraguaya |
| 300 | |a 134 p | ||
| 942 | |c BK | ||
| 945 | |d 20000720 00:00:00 |a crobeson | ||
| 260 | |a Asunción |b El Arte |c 1963 | ||
| 650 | 7 | |a HISTORIA DE PARAGUAY |2 CL-VaPUC |9 447767 | |
| 650 | 0 | |a Enseñanza de la historia |9 307330 | |
| 651 | 0 | |a Paraguay |9 255336 | |
| 583 | |a last modification |c 20000720 00:00:00 |k Rodrigo Vera | ||
| 999 | |c 289944 |d 289942 | ||
| 952 | |0 0 |1 0 |4 0 |6 989_200000000000000_BEN_1963 |7 0 |8 A |9 338929 |a BIBHIS |b BIBHIS |d 2019-11-20 |i 1201530 |o 989.2 BEN 1963 |p 1201530 |r 2025-01-20 |w 2019-11-20 |y BK |k HIS | ||